00497nam a2200145Ia 4500008004100000100001900041245010700060245003400167260003900201260000900240300001100249650001800260650001500278856005800293170221s9999 xx 000 0 und d aKathleen Czech aCommunication, Leadership, and Job Satisfaction: Perspectives on Supervisor-Subordinate Relationships  cKathleen Czech, G. L. Forward bStudies in Media and Communication c2013 a33 : 5 xCommunication xMedia Arts uhttp://redfame.com/journal/index.php/smc/issue/view/8